| 000 | 00613cam a2200169 i 4500 | ||
|---|---|---|---|
| 005 | 20260104075610.0 | ||
| 008 | 250721s2007 ua gr 000 0 ara d | ||
| 082 | 1 | 4 |
_a219.0015 _bج و ه |
| 100 | 1 |
_aجوهر، أحمد _eمعد. |
|
| 245 | 1 | 2 |
_aالإعجاز العلمي في السنة النبوية / _cاعداد أحمد جوهر. |
| 264 | 3 | 1 |
_aالمنصورة : _bمكتبة الإيمان للنشر والتوزيع، _c2007. |
| 300 | _a286 صفحة. | ||
| 650 | 1 | 7 | _aالسيره النبوية. |
| 650 | 1 | 7 | _aالاسلوب العلمي. |
| 942 |
_2ddc _cBK |
||
| 999 |
_c110681 _d110681 |
||